000 00908nam a2200217 i 4500
001 181807
003 ES-MaACL
005 20260203063034.0
008 130327s1930 sp |||| | spa d
080 _a904(460.189)
100 1 _aCabré Aguiló, Juan,
_d1882-1947
_933266
245 1 0 _aExcavaciones de Las Cogotas Cardeñosa (Avila).
_nI,
_pEl Castro /
_cmemoria por... Don Juan Cabré Aguiló.
260 _aMadrid :
_b[s.n.],
_c1930 (
_fTipografía de Archivos)
300 _a115 p., LXXIX h. de lám. ;
_c24 cm.
490 1 _aJunta Superior de Excavaciones y Antigüedades ;
_vn. 110 = n. 6, 1929
651 4 _aLas Cogotas (Avila, Yacimiento)
_9152541
710 2 _aEspaña.
_bJunta Superior de Excavaciones y Antigüedades.
_9152463
830 0 _aJunta Superior de Excavaciones y Antigüedades ;
_vn. 110 = n. 6, 1929
_9191570
852 _aES-MaACL
_jE-3378(6)
999 _c181807
_d181807